| 000 | 00608nam a22001817a 4500 | ||
|---|---|---|---|
| 008 | 160217b xxu||||| |||| 00| 0 eng d | ||
| 020 | _a1454828754 | ||
| 040 |
_aKABU _cKABU |
||
| 100 | _aBarger, Coleen | ||
| 245 |
_aALWD Guide to Legal Citation _bAssociation of Legal Writing Directors _cColeen M. Barger |
||
| 250 | _a5th ed. | ||
| 260 |
_aNew York _bWolters Kluwer _c2014 |
||
| 300 | _axxxii, 608p. | ||
| 440 | _aAspen Coursebook Series | ||
| 650 |
_aCitation of Legal Authorities _zUnited States |
||
| 650 |
_aAnnotations and Citations _zUSA |
||
| 942 |
_2lcc _cBK _e5th ed. _hKF245 _k.A45 2014 |
||
| 999 |
_c15701 _d15701 |
||